أساسيات في علم الإدارة / (رقم التسجيلة. 28402)

تفاصيل مارك
000 -الفاتح
حقل البيانات ثابتة الطول 00763nam a2200217 a 4500
003 - محدد رقم الضبط
رقم الضبط OSt
005 - وقت وتاريخ اخر تعامل مع التسجيلة
رقم الضبط 20150408114121.0
008 - عناصر البيانات ثابتة الطول - معلومات عامة
حقل البيانات ثابتة الطول 130302s2013 ua ||||g b 00| 0 ara d
020 ## - الرقم الدولى المعيارى للكتب
الرقم الدولى المعيارى للكتاب 9789774383423
040 ## - مصدر الفهرسة
وكالة الفهرسة الأصلية MA_UN
082 04 - رقم تصنيف ديوى العشرى
رقم الطبعة 21
رقم التصنيف 658
رقم المادة م م أ
100 1# - المدخل الرئيسى - إسم شخصى
الإسم الشخصى محمود، منال طلعت
9 (RLIN) 21991
245 10 - بيان العنوان
العنوان أساسيات في علم الإدارة /
بيان المسئوليه,etc منال طلعت محمود.
250 ## - بيان الطبعة
بيان الطبعة ط. 1.
260 ## - PUBLICATION, DISTRIBUTION, ETC. (IMPRINT)
مكان الناشر او الموزع الإسكندرية، مصر :
اسم الناشر او الموزع المكتب الجامعي الحديث،
تاريخ النشر أو التوزيع 2012
-- [1433]
300 ## - الوصف المادى
التعداد 432 ص. ؛
أبعاد الوعاء 24 سم.
504 ## - تبصرة ببليوجرافية
تبصرة ببليوجرافية,الخ يشتمل على إرجاعات ببليوجرافية.
650 #7 - المدخل الاضافى بالموضوع-مصطلح موضوعى
مصدر الرأس أو المصطلح aucsh
مصطلح موضوعي أو اسم جغرافي كعنصر مدخل إدارة الأعمال
650 #7 - المدخل الاضافى بالموضوع-مصطلح موضوعى
مصدر الرأس أو المصطلح aucsh
مصطلح موضوعي أو اسم جغرافي كعنصر مدخل الرقابة الإدارية
9 (RLIN) 12338
942 ## - عناصر المدخل الإضافي( كوها)
مصدر التصنيف او مخطط الترفيف Dewey Decimal Classification
Koha [default] item type كتاب
المقتنيات
حالة الفقد نموذج السعر الفعال حالة تلف ليس للاعارة رقم الطلب رقم النسخة تاريخ الاكتساب الموقع الحالي الباركود الفرع الرئيسي Date last seen نوع المادة فى نظام كوها مصدر التصنيف او خطة الترفيف Total Checkouts
  2013-03-25   Not For Loan 658 م م أ 1 2013-03-25 المكتبة المركزية بالمجمعة (CL) 00202665 المكتبة المركزية بالمجمعة (CL) 2013-03-25 كتاب Dewey Decimal Classification  
  2013-03-25     658 م م أ 2 2013-03-25 المكتبة المركزية بالمجمعة (CL) 00202666 المكتبة المركزية بالمجمعة (CL) 2013-03-25 كتاب Dewey Decimal Classification  
  2013-03-25     658 م م أ 3 2013-03-25 المكتبة المركزية بالمجمعة (CL) 00202667 المكتبة المركزية بالمجمعة (CL) 2013-03-25 كتاب Dewey Decimal Classification  
  2013-03-17   Not For Loan 658 م م أ 1 2013-03-17 مكتبة كلية العلوم و الدراسات الإنسانية برماح - طالبات (SRF) 00201566 مكتبة كلية العلوم و الدراسات الإنسانية برماح - طالبات (SRF) 2013-03-17 كتاب Dewey Decimal Classification  
  2013-03-17     658 م م أ 2 2013-03-17 مكتبة كلية العلوم و الدراسات الإنسانية برماح - طالبات (SRF) 00201565 مكتبة كلية العلوم و الدراسات الإنسانية برماح - طالبات (SRF) 2013-03-17 كتاب Dewey Decimal Classification  
  2013-03-19     658 م م أ 2 2013-03-19 مكتبة كلية العلوم و الدراسات الإنسانية برماح - طالبات (SRF) 00202195 مكتبة كلية العلوم و الدراسات الإنسانية برماح - طالبات (SRF) 2013-03-19 كتاب Dewey Decimal Classification  
  2013-03-19   Not For Loan 658 م م أ 1 2013-03-19 مكتبة كلية العلوم و الدراسات الإنسانية برماح - طلاب (SRM) 00202190 مكتبة كلية العلوم و الدراسات الإنسانية برماح - طلاب (SRM) 2013-03-19 كتاب Dewey Decimal Classification  
  2013-03-24   Not For Loan 658 م م أ 1 2013-03-24 مكتبة مجمع الكليات بالزلفى - طلاب (SZM) 00200826 مكتبة مجمع الكليات بالزلفى - طلاب (SZM) 2013-03-24 كتاب Dewey Decimal Classification  
  2013-03-24     658 م م أ 2 2013-03-24 مكتبة مجمع الكليات بالزلفى - طلاب (SZM) 00200825 مكتبة مجمع الكليات بالزلفى - طلاب (SZM) 2013-03-24 كتاب Dewey Decimal Classification